000 00365nam a2200133Ia 4500
008 240624s9999 xx 000 0 und d
041 _aeng
082 _a658.4012 MOH
100 _aMOHAPATRA SANJAY
245 _aCASE STUDIES IN STRATEGIC MANAGEMENT A P
260 _c2012
_aNew Delhi
_bPearson Education
300 _axxvi, : 222 : p. : cm. ; 23
365 _cRS
_b30
999 _c18924
_d18924